000 004570000a22001810004500
003 LK-CoMWRAF
005 20231020103203.0
008 230817t ||||| |||| 00| 0 eng d
040 _aLK-CoMWRAF
_dLK-CoMWRAF
_eLK-CoMWRAF
041 _aeng
082 _a297.382
_bKIT
245 _aKitabbus-Salaat :
_b(Muslim Prayer Book)
260 _aSouth Africa :
_bYoung men's Muslim,
300 _a81p
650 _aIslam
650 _aIslam--Prayer
942 _cBK
999 _c1579
_d1579